CONCACAF members by Logo - Statistics

General Stats
  • This quiz has been taken 159 times
  • The average score is 26 of 41
Answer Stats
Picture Answer % Correct
Honduras
100%
Mexico
99%
USA
95%
Canada
93%
Panama
92%
Jamaica
91%
Trinidad and Tobago
89%
Costa Rica
86%
Guatemala
83%
Dominica
82%
St Vincent and Grenadines
81%
Barbados
80%
Guyana
80%
Nicaragua
79%
St Kitts and Nevis
77%
El Salvador
73%
Grenada
73%
Haiti
60%
US Virgin Islands
60%
Cuba
57%
Aruba
56%
Belize
56%
Antigua and Barbuda
55%
Bonaire
55%
British Virgin Islands
53%
Saint Martin
53%
St Lucia
53%
Puerto Rico
52%
Bahamas
49%
Anguilla
45%
Cayman Islands
45%
Dominican Republic
44%
Martinique
41%
French Guiana
39%
Guadeloupe
39%
Suriname
38%
Sint Maarten
35%
Turks and Caicos Islands
34%
Curaçao
32%
Bermuda
31%
Montserrat
31%
No matching quizzes found
Score Distribution
Percent of People with Each Score
Percentile by Number Answered
Your Score History
You have not taken this quiz